Citations smm - Statistiques

Statistiques générales
  • Ce quiz a été pris 15 fois
  • Le résultat moyen est 12 sur 24
Statistiques - réponses
Hint Réponse % Correct
"Oh put*in de sa mère, sa grand-mère de m*rde, enfin c'est fini. J'ai clear Frozen Eclipse les amis, j'ai clear Frozen Eclipse, b*rdel de m*rde." Gnomainain
100%
"GG ! Ca a passé ! Ca a passé ! C'est clear ! J'ai clear BubbleBath !" LesTrucsMuches
83%
"Allez, c'est parti, allez, put*in. N*que ta mère ! N*que ta mère ! Ragagna gna gna ! Ra n*que ta mère ! N*que ta mère ! Ragnagnagnagnagnagna ! Pic de m*rde ! Dégage ! Pic de m*rde ! Dégage ! Pique de m*rde à chier sa mère ! N*que ta mère le pic ! Pic de m*rde !" z_sharky32
83%
"Pourquoi j'ai pris cette liane ? Au moins c'est pas un naked pipe ! Oh le naked pipe ! Oh et le tuyau bleu ! Non ! Elle m'a fait un tuyau de 3km pour le terminer tout nu, non mais j'y crois pas !" Croodi
75%
"Let's go ! Let's go ! Let's go ! Let's go ! Let's go ! Let's go !" sanyx91smm2
75%
"Quoi encore Nintendo ? B*ise ta mère Nintendo ! Please ! J'en ai plein le c*l de ce jeu de mort, qui est fait avec la b*te ! D'où ça me touche là ?" ZekethsM
75%
"Bonjour, I'm ____, hum, I've made some trolls for this project, and basically, that's about it, so yeah, have fun !" Sady845
67%
"Put*in de lakitu de m*rde. Enc*lé. Trou du c*l." Sebouille89
67%
"Si là je fais pas de la m*rde, y a moyen de terminer le niveau. Et ce serait bien, car je serais hyper frustré de devoir faire next sans avoir fini ce niveau. NOOOOOOOOOOOOOOOOOOOOON" YouroTV
67%
"WHAT ! Mais tu te fous de ma goule ? Mais c'est quoi ça ? C'est quoi ça ? C'est totalement blind mais tu te fous de moi ! Tu te moques de moi mais tu te moques du monde ! Mais c'est quoi ça ? Qu'est-ce que c'est que ce cheep cheep à la..." Poly_valentacookie
58%
"Non ! Ah là je rage !" Prof_Guillaume
58%
"On va quitter ça. On va aller voir les codes. Ca fait bizarre de quitter un super monde pour aller dans un autre level, mais pourquoi pas. Plus rien ne me choque. [...] What the f*ck ? [...] Attends, mais c'est quoi ça, pourquoi j'arrive sur le profil de gamours ? Pourquoi j'arrive sur le profil de gamours ? Ah, c'est peut-être une arnaque !" EnrageShark
50%
"Aysizèrwazebeg èndeitwazetwiz sinkutilizéshonbaystrim sohaychanjèdzice édaypoutwane, soaywildou OK?" Grount
50%
"Oh y a un CP, y a un CP ! Je m'en fous, je veux le CP moi ! Oh, CP HYPE ! Ah, je m'attendais à faire du wall jump ! Y avait un truc là bas, derrière la camera, mais bon... C'était moins bien. Oh, ça, ça sent le retour CP2 quand même...OH ! C'est le CP ! Je l'ai déjà celui là ! Nan ! Moi qui dit ça sent le retour CP2..." Ticoche
50%
"Bah les orphelins, je les hais, voilà. Si t'es orphelin, eh bah, tu es ban, c'est tout. Soyez meilleurs quoi. Nan mais imagine, ne pas avoir de parent quoi, sérieux." LaCourgette42
42%
"Ailscream, ça c'est un ail qui fait ça : Aaaaaaaaaaaaaaaaaaaaaaaaaaaaaaaaaaaaaaaaaaaaaaaaaaaaaaaaailscrem !" MeepleTrix
42%
"Ce jeu se fout de ma gueule. Ce jeu se fout littéralement de ma gueule. Là il n'y a pas de contact avec le goomba !? C'est Sakura qui a codé les hitbox, c'est pas possible. On se croirait dans Smash là !" TensaZangetsu22
42%
"Calisse ticoche, je me suis fait mal au poignet en essayant de faire la manoeuvre" LevelKing888
33%
"C'est vraiment abominable ce que t'as fait gnomainain, c'est abominable ! Déjà que le début là, c'est ch*ant. Mais là haut, c'est abominable. [...] Ah bah il crée des purges, il en subit les conséquences gnomainain. Bah oui. Purge = Conséquences." Stardam
33%
"Oh yes ! Non ! Mais non ! Mais noooooon ! Mais pourquoi ? Mais c'est quoi..." cokiller001
17%
"Naked pipes, allez j'autorise, puisque moi je suis quelqu'un de bien, j'autorise les tuyaux.... n...u... le n word quoi. Enfin non c'est pas le n word. No way !" cyboom_
17%
"Noooooon ! Oh le traitre ! Traitre ! Je te déteste ! Croodi, c'est quoi ce b*rdel ? Oh il me dégoute. Ah j'ai mal au coeur." Jaguar2kx
17%
"Catin : c'est un synonyme de péripatéticienne, plus communément appelée : p*te." MrGamer871_
8%
"Pourquoi je parle de chiasse ? Boah, c'est, c'est de saison en fait ! C'est de saison !" natsutv59
8%
Aucun quiz correspondant
Distribution des résultats
% des personnes avec chaque résultat
Percentile par nombre de réponses
Votre historique - résultats
Vous n’avez pas pris ce quiz